| 000 | 00795nam a2200241Ia 4500 | ||
|---|---|---|---|
| 003 | OSt | ||
| 005 | 20220926000653.0 | ||
| 006 | a|||||r|||| 00| 0 | ||
| 007 | ta | ||
| 008 | 220923b |||||||| |||| 00| 0 eng d | ||
| 020 |
_a9788190897228 _c412.25 |
||
| 037 |
_b5251, 22/07/2014, RAJKIRAN BOOK AGENCY _cGeneral Book |
||
| 040 |
_aRTL _cRTL _beng |
||
| 041 |
_2eng _aeng |
||
| 082 | _aU28351.291, Q3 | ||
| 100 |
_aREDDY Sunita _9302871 |
||
| 245 | 0 |
_aClash of waves _b Post Tsunami relief and rehabilitation in andaman and nicobar islands |
|
| 260 |
_a New Delhi _bIndos Books _c2013 |
||
| 300 |
_axxi, 271p _ccm. |
||
| 650 | _aGeography | ||
| 942 |
_hU28351.291, Q3 _cGB _2CC |
||
| 999 |
_c599429 _d599429 |
||